|
|
|
|
| LEADER |
00956cam a2200205 7i4500 |
| 001 |
0000032457 |
| 005 |
20150707090000.0 |
| 090 |
0 |
0 |
|a ASEA 338.476684
|b ASE
|
| 110 |
2 |
0 |
|a ASEAN Federation of Plastic Industries
|
| 245 |
1 |
0 |
|a ASEAN Federation of Plastic Industries Directory 2014/2015.
|
| 260 |
0 |
0 |
|a Bangkok:
|b Plastic Industry Club, The Federation of Thai Industries,
|c 2015.
|
| 300 |
# |
# |
|a 466 pages.
|
| 650 |
0 |
0 |
|a Plastic industry --
|z ASEAN Countries
|
| 999 |
|
|
|a JHR000424B
|b Directories
|c Regions
|e MATRADE Southern Regional Office
|
| 999 |
|
|
|a 0000036369
|b Directories
|c Regions
|e Business Information Centre
|
| 999 |
|
|
|a B000036369
|b Directories
|c Regions
|e Business Information Centre
|
| 999 |
|
|
|a PNG001134B
|b Directories
|c Regions
|e MATRADE Northern Regional Office
|
| 999 |
|
|
|a SBH001101B
|b Directories
|c Regions
|e MATRADE Sabah
|
| 999 |
|
|
|a SRW000528B
|b Directories
|c Regions
|e MATRADE Sarawak
|
| 999 |
|
|
|a TRG000412B
|b Directories
|c Regions
|e MATRADE Eastern Regional Office
|